000 01213cam a22002533a 4500
001 6120
003 PGUSA
005 20140828083128.0
008 040701s2004||||xxu|||||s|||||000 1 eng d
040 _aPGUSA
_beng
042 _adc
050 4 _aPR
100 1 _aKipling, Rudyard,
_d1865-1936
245 1 0 _aSoldiers Three
_h[electronic resource] /
_cRudyard Kipling
260 _bProject Gutenberg,
_c2004
505 0 _aThe God From The Machine -- Of Those Called -- Private Learoyd'S Story -- The Big Drunk Draf' -- The Wreck Of The Visigoth -- The Solid Muldoon -- With The Main Guard -- In The Matter Of A Private -- Black Jack -- Poor Dear Mamma -- The World Without -- The Tents Of Kedar -- With Any Amazement -- The Garden Of Eden -- Fatima -- The Valley Of The Shadow -- The Swelling Of Jordan -- Dray Wara Yow Dee -- The Judgment Of Dungara -- At Howli Thana -- Gemini -- At Twenty-Two -- In Flood Time -- The Sending Of Dana Da -- On The City Wall.
506 _aPublic domain in the USA.
516 _aElectronic text
653 _aSoldiers -- Fiction
653 _aShort stories, English
830 0 _aProject Gutenberg
_v6120
856 4 0 _uhttp://www.gutenberg.org/ebooks/6120
942 _cEB
999 _c235448
_d235448